| 000 | 00509nam a2200181Ia 4500 | ||
|---|---|---|---|
| 999 |
_c13932 _d13932 |
||
| 003 | OSt | ||
| 005 | 20201117112010.0 | ||
| 008 | 190216s9999||||xx |||||||||||||| ||und|| | ||
| 020 | _a9780582101142 | ||
| 040 | _coclc | ||
| 082 |
_a420.143 _bPEN/L |
||
| 100 |
_aPeng Su, Soon _96660 |
||
| 245 | 0 |
_aLexical Ambiguity In Poetry / _cSoon Peng Su |
|
| 260 |
_bLongman, _c1994. _aLondon: |
||
| 300 | _a188p | ||
| 650 | _aEnglish Poetry | ||
| 942 |
_cBK _2ddc _h420.143 _iPEN/L _k420.143 _mPEN/L |
||